| 000 | 00534nam a2200169 i 4500 | ||
|---|---|---|---|
| 001 | 101384 | ||
| 003 | ES-MaACL | ||
| 007 | t| | ||
| 008 | 051018s1982 sp ||||1| spa d | ||
| 100 | 1 |
_aMazarrasa, Felipe de. _979460 |
|
| 245 | 1 | 4 |
_aLos fósiles nostálgicos de Trabuchazo / _cFelipe de Mazarrasa; prólogo de Alfonso de la Serna. |
| 260 |
_aSantander : _bJean, _c1982. |
||
| 300 |
_a316 p. ; _c22 cm. |
||
| 700 | 1 |
_aSerna, Alfonso de la, _d1922-2006 _9105561 |
|
| 852 |
_aES-MaACL _jL-4143 _bR.104856 |
||
| 999 |
_c101384 _d101384 |
||